[Event "Stay Safe Play From Home 274"]
[Site "Emanuel Lasker Arena"]
[Date "2020.07.03"]
[Round "3"]
[White "Greblha"]
[Black "Weltszmerc"]
[Result "0-1"]
[WhiteElo "1987"]
[BlackElo "2138"]
[PlyCount "90"]
[EventDate "2020.07.03"]
[EventType "swiss (blitz)"]

1. e4 {[%emt 0:00:01]} Nf6 {[%emt 0:00:02]} 2. e5 {[%emt 0:00:01]} Nd5 {[%emt 0:00:01]} 3. d4 {[%emt 0:00:00]} d6 {[%emt 0:00:00]} 4. exd6 {[%emt 0:00:00]} cxd6 {[%emt 0:00:01]} 5. c3 {[%emt 0:00:00]} Nb6 {[%emt 0:00:00]} 6. Nf3 {[%emt 0:00:00]} g6 {[%emt 0:00:00]} 7. Be2 {[%emt 0:00:00]} Bg7 {[%emt 0:00:00]} 8. O-O {[%emt 0:00:00]} O-O {[%emt 0:00:00]} 9. Bf4 {[%emt 0:00:00]} Nc6 {[%emt 0:00:01]} 10. Nbd2 {[%emt 0:00:02]} e5 {[%emt 0:00:01]} 11. Bg3 {[%emt 0:00:01]} f6 {[%emt 0:00:00]} 12. dxe5 {[%emt 0:00:02]} dxe5 {[%emt 0:00:01]} 13. Nc4 {[%emt 0:00:01]} Nxc4 {[%emt 0:00:02]} 14. Bxc4+ {[%emt 0:00:01]} Kh8 {[%emt 0:00:00]} 15. Qxd8 {[%emt 0:00:01]} Rxd8 {[%emt 0:00:01]} 16. Rad1 {[%emt 0:00:00]} Bg4 {[%emt 0:00:00]} 17. Be2 {[%emt 0:00:03]} Kg8 {[%emt 0:00:01]} 18. h3 {[%emt 0:00:01]} Be6 {[%emt 0:00:01]} 19. Bb5 {[%emt 0:00:02]} Kf7 {[%emt 0:00:02]} 20. a3 {[%emt 0:00:01]} a6 {[%emt 0:00:01]} 21. Bxc6 {[%emt 0:00:01]} bxc6 {[%emt 0:00:00]} 22. b4 {[%emt 0:00:01]} Bc4 {[%emt 0:00:02]} 23. Rfe1 {[%emt 0:00:01]} a5 {[%emt 0:00:04]} 24. Nd2 {[%emt 0:00:01]} Bd5 {[%emt 0:00:01]} 25. c4 {[%emt 0:00:02]} Be6 {[%emt 0:00:02]} 26. b5 {[%emt 0:00:01]} cxb5 {[%emt 0:00:02]} 27. cxb5 {[%emt 0:00:01]} a4 {[%emt 0:00:01]} 28. Ne4 {[%emt 0:00:02]} Bb3 {[%emt 0:00:03]} 29. Nd6+ {[%emt 0:00:01]} Ke6 {[%emt 0:00:01]} 30. Rd2 {[%emt 0:00:16]} Rxd6 {[%emt 0:00:01]} 31. Rxd6+ {[%emt 0:00:02]} Kxd6 {[%emt 0:00:00]} 32. f4 {[%emt 0:00:01]} Rb8 {[%emt 0:00:05]} 33. fxe5+ {[%emt 0:00:01]} fxe5 {[%emt 0:00:00]} 34. b6 {[%emt 0:00:03]} Rxb6 {[%emt 0:00:01]} 35. Bf2 {[%emt 0:00:00]} Rc6 {[%emt 0:00:01]} 36. Rb1 {[%emt 0:00:01]} Rc2 {[%emt 0:00:03]} 37. Bg3 {[%emt 0:00:02]} Ke6 {[%emt 0:00:01]} 38. Rd1 {[%emt 0:00:01]} e4 {[%emt 0:00:01]} 39. Rd8 {[%emt 0:00:02]} Bf6 {[%emt 0:00:02]} 40. Re8+ {[%emt 0:00:00]} Kf5 {[%emt 0:00:01]} 41. Rf8 {[%emt 0:00:01]} h5 {[%emt 0:00:01]} 42. Kh2 {[%emt 0:00:00]} e3 {[%emt 0:00:01]} 43. h4 {[%emt 0:00:00]} Bd5 {[%emt 0:00:02]} 44. Be5 {[%emt 0:00:00]} Rxg2+ {[%emt 0:00:00]} 45. Kh3 {[%emt 0:00:00]} Kxe5 {[%emt 0:00:00] Zeit (Lag: Av=1.05s, max=6.4s)} 0-1

[Event "Stay Safe Play From Home 274"]
[Site "Emanuel Lasker Arena"]
[Date "2020.07.03"]
[Round "3"]
[White "NeatFox"]
[Black "Mepe_Nika"]
[Result "0-1"]
[WhiteElo "1959"]
[BlackElo "2352"]
[PlyCount "82"]
[EventDate "2020.07.03"]
[EventType "swiss (blitz)"]

1. g4 {[%emt 0:00:01]} d5 {[%emt 0:00:01]} 2. Bg2 {[%emt 0:00:00]} c6 {[%emt 0:00:01]} 3. c4 {[%emt 0:00:00]} Bxg4 {[%emt 0:00:02]} 4. cxd5 {[%emt 0:00:00]} Nf6 {[%emt 0:00:04]} 5. Qb3 {[%emt 0:00:00]} Qb6 {[%emt 0:00:01]} 6. Qxb6 {[%emt 0:00:01]} axb6 {[%emt 0:00:00]} 7. Nc3 {[%emt 0:00:01]} b5 {[%emt 0:00:04]} 8. a3 {[%emt 0:00:02]} b4 {[%emt 0:00:01]} 9. Ne4 {[%emt 0:00:02]} Nxd5 {[%emt 0:00:02]} 10. f3 {[%emt 0:00:01]} Bf5 {[%emt 0:00:01]} 11. Nc5 {[%emt 0:00:00]} b6 {[%emt 0:00:02]} 12. Nb3 {[%emt 0:00:04]} bxa3 {[%emt 0:00:01]} 13. bxa3 {[%emt 0:00:01]} Bg6 {[%emt 0:00:01]} 14. Nd4 {[%emt 0:00:01]} e6 {[%emt 0:00:01]} 15. e4 {[%emt 0:00:01]} Nf4 {[%emt 0:00:02]} 16. Kf2 {[%emt 0:00:02]} Bc5 {[%emt 0:00:01]} 17. Nge2 {[%emt 0:00:04]} Nxe2 {[%emt 0:00:02]} 18. Kxe2 {[%emt 0:00:00]} Bxd4 {[%emt 0:00:01]} 19. Rb1 {[%emt 0:00:01]} O-O {[%emt 0:00:01]} 20. Rg1 {[%emt 0:00:01]} Nd7 {[%emt 0:00:01]} 21. Rf1 {[%emt 0:00:01]} Nc5 {[%emt 0:00:02]} 22. Bb2 {[%emt 0:00:01]} Bxb2 {[%emt 0:00:01]} 23. Rxb2 {[%emt 0:00:00]} b5 {[%emt 0:00:01]} 24. Ra2 {[%emt 0:00:01]} Nb3 {[%emt 0:00:02]} 25. d4 {[%emt 0:00:01]} Nxd4+ {[%emt 0:00:01]} 26. Ke3 {[%emt 0:00:01]} Rfd8 {[%emt 0:00:00]} 27. Rd1 {[%emt 0:00:01]} Nc2+ {[%emt 0:00:03]} 28. Ke2 {[%emt 0:00:01]} Rxd1 {[%emt 0:00:01]} 29. Kxd1 {[%emt 0:00:00]} Nd4 {[%emt 0:00:00]} 30. Ke1 {[%emt 0:00:01]} e5 {[%emt 0:00:00]} 31. Kf2 {[%emt 0:00:02]} f6 {[%emt 0:00:01]} 32. Bh3 {[%emt 0:00:01]} Bf7 {[%emt 0:00:01]} 33. Bd7 {[%emt 0:00:00]} Bxa2 {[%emt 0:00:02]} 34. Bxc6 {[%emt 0:00:01]} Nxc6 {[%emt 0:00:01]} 35. f4 {[%emt 0:00:00]} Rxa3 {[%emt 0:00:01]} 36. f5 {[%emt 0:00:00]} Nd4 {[%emt 0:00:01]} 37. Kg2 {[%emt 0:00:01]} Bc4 {[%emt 0:00:00]} 38. Kf2 {[%emt 0:00:01]} Rf3+ {[%emt 0:00:01]} 39. Kg2 {[%emt 0:00:01]} Bf1+ {[%emt 0:00:00]} 40. Kg1 {[%emt 0:00:01]} Bh3 {[%emt 0:00:01]} 41. Kh1 {[%emt 0:00:03]} Rf1# {[%emt 0:00:00] (Lag: Av=0.40s, max=0.8s)} 0-1

[Event "Stay Safe Play From Home 274"]
[Site "Emanuel Lasker Arena"]
[Date "2020.07.03"]
[Round "3"]
[White "SecantFX"]
[Black "Buzaglo"]
[Result "1-0"]
[WhiteElo "1951"]
[BlackElo "1921"]
[PlyCount "85"]
[EventDate "2020.07.03"]
[EventType "swiss (blitz)"]

1. g3 {[%emt 0:00:00]} e6 {[%emt 0:00:00]} 2. f4 {[%emt 0:00:01]} d5 {[%emt 0:00:00]} 3. Bg2 {[%emt 0:00:00]} Nf6 {[%emt 0:00:00]} 4. Nf3 {[%emt 0:00:00]} c5 {[%emt 0:00:01]} 5. O-O {[%emt 0:00:00]} Nc6 {[%emt 0:00:00]} 6. Re1 {[%emt 0:00:00]} Bd6 {[%emt 0:00:00]} 7. e3 {[%emt 0:00:00]} O-O {[%emt 0:00:01]} 8. c3 {[%emt 0:00:00]} e5 {[%emt 0:00:01]} 9. d4 {[%emt 0:00:00]} exd4 {[%emt 0:00:01]} 10. exd4 {[%emt 0:00:01]} cxd4 {[%emt 0:00:00]} 11. cxd4 {[%emt 0:00:00]} Qb6 {[%emt 0:00:02]} 12. Be3 {[%emt 0:00:01]} Re8 {[%emt 0:00:01]} 13. Qd2 {[%emt 0:00:02]} Ne4 {[%emt 0:00:01]} 14. Qc2 {[%emt 0:00:01]} Nb4 {[%emt 0:00:01]} 15. Qb3 {[%emt 0:00:01]} a5 {[%emt 0:00:04]} 16. Nc3 {[%emt 0:00:01]} Qa6 {[%emt 0:00:03]} 17. Bf1 {[%emt 0:00:02]} Qc6 {[%emt 0:00:02]} 18. Rac1 {[%emt 0:00:02]} Qd7 {[%emt 0:00:01]} 19. a3 {[%emt 0:00:01]} Na6 {[%emt 0:00:03]} 20. Qxd5 {[%emt 0:00:01]} Nf6 {[%emt 0:00:02]} 21. Qc4 {[%emt 0:00:02]} Nc7 {[%emt 0:00:01]} 22. Qd3 {[%emt 0:00:01]} Ne6 {[%emt 0:00:01]} 23. Ne5 {[%emt 0:00:01]} g6 {[%emt 0:00:03]} 24. d5 {[%emt 0:00:01]} Nd8 {[%emt 0:00:01]} 25. Qb5 {[%emt 0:00:02]} Qe7 {[%emt 0:00:01]} 26. Bd4 {[%emt 0:00:02]} Qf8 {[%emt 0:00:00]} 27. Nf3 {[%emt 0:00:04]} Bd7 {[%emt 0:00:01]} 28. Qd3 {[%emt 0:00:02]} Bc8 {[%emt 0:00:04]} 29. Bxf6 {[%emt 0:00:01]} Be7 {[%emt 0:00:02]} 30. Bxe7 {[%emt 0:00:01]} Rxe7 {[%emt 0:00:00]} 31. Rxe7 {[%emt 0:00:01]} Qxe7 {[%emt 0:00:00]} 32. Ne4 {[%emt 0:00:00]} Bf5 {[%emt 0:00:02]} 33. Qd4 {[%emt 0:00:01]} b5 {[%emt 0:00:03]} 34. Nf6+ {[%emt 0:00:01]} Kf8 {[%emt 0:00:01]} 35. g4 {[%emt 0:00:01]} Bc8 {[%emt 0:00:02]} 36. Nxh7+ {[%emt 0:00:01]} Ke8 {[%emt 0:00:01]} 37. Qh8+ {[%emt 0:00:01]} Kd7 {[%emt 0:00:00]} 38. Qd4 {[%emt 0:00:03]} Nb7 {[%emt 0:00:00]} 39. d6 {[%emt 0:00:01]} Nxd6 {[%emt 0:00:00]} 40. Ne5+ {[%emt 0:00:01]} Ke8 {[%emt 0:00:01]} 41. Nc6 {[%emt 0:00:02]} Be6 {[%emt 0:00:00]} 42. Qh8+ {[%emt 0:00:02]} Kd7 {[%emt 0:00:01]} 43. Ne5# {[%emt 0:00:00] (Lag: Av=0.49s, max=1.1s)} 1-0

[Event "Stay Safe Play From Home 274"]
[Site "Emanuel Lasker Arena"]
[Date "2020.07.03"]
[Round "4"]
[White "Broken sword"]
[Black "BrainThinker22"]
[Result "1-0"]
[WhiteElo "2437"]
[BlackElo "2341"]
[Annotator "NA"]
[PlyCount "127"]
[EventDate "2020.07.03"]
[EventType "swiss (blitz)"]

1. e4 {[%emt 0:00:01]} c6 {[%emt 0:00:00]} 2. d4 {[%emt 0:00:01]} d5 {[%emt 0:00:00]} 3. Nc3 {[%emt 0:00:00]} dxe4 {[%emt 0:00:01]} 4. Nxe4 {[%emt 0:00:00]} Bf5 {[%emt 0:00:01]} 5. Ng3 {[%emt 0:00:01]} Bg6 {[%emt 0:00:00]} 6. Nf3 {[%emt 0:00:00]} e6 {[%emt 0:00:01]} 7. Bd3 {[%emt 0:00:01]} Bxd3 {[%emt 0:00:01]} 8. Qxd3 {[%emt 0:00:00]} Nd7 {[%emt 0:00:00]} 9. Bd2 {[%emt 0:00:00]} Ngf6 {[%emt 0:00:00]} 10. O-O-O {[%emt 0:00:00]} Bd6 {[%emt 0:00:00]} 11. Ne4 {[%emt 0:00:01]} Nxe4 {[%emt 0:00:00]} 12. Qxe4 {[%emt 0:00:00]} Nf6 {[%emt 0:00:00]} 13. Qe2 {[%emt 0:00:00]} Qc7 {[%emt 0:00:00]} 14. g3 {[%emt 0:00:01]} O-O-O {[%emt 0:00:01]} 15. c4 {[%emt 0:00:00]} c5 {[%emt 0:00:00]} 16. Bc3 {[%emt 0:00:00]} Qc6 {[%emt 0:00:01]} 17. Rhe1 {[%emt 0:00:02]} Rhe8 {[%emt 0:00:01]} 18. Kb1 {[%emt 0:00:01]} Kb8 {[%emt 0:00:01]} 19. a3 {[%emt 0:00:01]} Ka8 {[%emt 0:00:01]} 20. Rc1 {[%emt 0:00:00]} cxd4 {[%emt 0:00:01]} 21. Nxd4 {[%emt 0:00:00]} Qa6 {[%emt 0:00:01]} 22. Nb5 {[%emt 0:00:01]} Nd7 {[%emt 0:00:03]} 23. Bxg7 {[%emt 0:00:02]} Nc5 {[%emt 0:00:01]} 24. Bd4 {[%emt 0:00:03]} Rc8 {[%emt 0:00:02]} 25. Bxc5 {[%emt 0:00:02]} Bxc5 {[%emt 0:00:01]} 26. Red1 {[%emt 0:00:00]} Qb6 {[%emt 0:00:02]} 27. Ka2 {[%emt 0:00:02]} a6 {[%emt 0:00:01]} 28. Nc3 {[%emt 0:00:00]} Bxf2 {[%emt 0:00:01]} 29. Ne4 {[%emt 0:00:01]} Bd4 {[%emt 0:00:01]} 30. Qd3 {[%emt 0:00:09]} Bg7 {[%emt 0:00:02]} 31. Qb3 {[%emt 0:00:01]} Qc6 {[%emt 0:00:03]} 32. Nd6 {[%emt 0:00:01]} Red8 {[%emt 0:00:00]} 33. Nxc8 {[%emt 0:00:01]} Rxc8 {[%emt 0:00:00]} 34. Rf1 {[%emt 0:00:01]} Qg2 {[%emt 0:00:01]} 35. Rxf7 {[%emt 0:00:02]} Bd4 {[%emt 0:00:01]} 36. Rc2 {[%emt 0:00:02]} Qc6 {[%emt 0:00:01]} 37. Rxh7 {[%emt 0:00:01]} e5 {[%emt 0:00:00]} 38. Re7 {[%emt 0:00:02]} e4 {[%emt 0:00:01]} 39. Re2 {[%emt 0:00:02]} e3 {[%emt 0:00:00]} 40. h4 {[%emt 0:00:01]} Rf8 {[%emt 0:00:03]} 41. R7xe3 {[%emt 0:00:01]} Bxe3 {[%emt 0:00:01]} 42. Rxe3 {[%emt 0:00:00]} Rc8 {[%emt 0:00:01]} 43. Rc3 {[%emt 0:00:01]} Qg2 {[%emt 0:00:02]} 44. c5 {[%emt 0:00:01]} Rc6 {[%emt 0:00:01]} 45. Qc4 {[%emt 0:00:01]} Ka7 {[%emt 0:00:01]} 46. h5 {[%emt 0:00:00]} Qh2 {[%emt 0:00:01]} 47. g4 {[%emt 0:00:01]} Rf6 {[%emt 0:00:01]} 48. Qd4 {[%emt 0:00:01]} Rc6 {[%emt 0:00:03]} 49. Rb3 {[%emt 0:00:01]} Qh4 {[%emt 0:00:02]} 50. Qb4 {[%emt 0:00:01]} Qe7 {[%emt 0:00:01]} 51. Qd4 {[%emt 0:00:01]} Qxc5 {[%emt 0:00:01]} 52. Qxc5+ {[%emt 0:00:00]} Rxc5 {[%emt 0:00:00]} 53. Rh3 {[%emt 0:00:01]} Rc7 {[%emt 0:00:01]} 54. h6 {[%emt 0:00:00]} Rh7 {[%emt 0:00:01]} 55. g5 {[%emt 0:00:00]} Rh8 {[%emt 0:00:00]} 56. g6 {[%emt 0:00:00]} Rc8 {[%emt 0:00:00]} 57. g7 {[%emt 0:00:00]} Rc6 {[%emt 0:00:00]} 58. g8=Q {[%emt 0:00:00]} Kb6 {[%emt 0:00:00]} 59. h7 {[%emt 0:00:00]} a5 {[%emt 0:00:00]} 60. h8=Q {[%emt 0:00:00]} a4 {[%emt 0:00:00]} 61. Qd8+ {[%emt 0:00:00]} Ka6 {[%emt 0:00:01]} 62. Qa8+ {[%emt 0:00:00]} Kb5 {[%emt 0:00:00]} 63. Qd4 {[%emt 0:00:00]} b6 {[%emt 0:00:00]} 64. Qb4# {[%emt 0:00:00] (Lag: Av=0.52s, max=2.7s)} 1-0

[Event "Stay Safe Play From Home 274"]
[Site "Emanuel Lasker Arena"]
[Date "2020.07.03"]
[Round "4"]
[White "Mepe_Nika"]
[Black "Grizzzly"]
[Result "1-0"]
[WhiteElo "2355"]
[BlackElo "1846"]
[PlyCount "115"]
[EventDate "2020.07.03"]
[EventType "swiss (blitz)"]

1. d4 {[%emt 0:00:01]} d5 {[%emt 0:00:01]} 2. Bf4 {[%emt 0:00:00]} e6 {[%emt 0:00:00]} 3. e3 {[%emt 0:00:00]} Nf6 {[%emt 0:00:00]} 4. c4 {[%emt 0:00:01]} Bd7 {[%emt 0:00:01]} 5. Nc3 {[%emt 0:00:01]} Bb4 {[%emt 0:00:01]} 6. Nf3 {[%emt 0:00:01]} c5 {[%emt 0:00:01]} 7. dxc5 {[%emt 0:00:01]} Bxc3+ {[%emt 0:00:01]} 8. bxc3 {[%emt 0:00:01]} Qa5 {[%emt 0:00:02]} 9. Qb3 {[%emt 0:00:04]} O-O {[%emt 0:00:13]} 10. Ne5 {[%emt 0:00:01]} Qxc5 {[%emt 0:00:02]} 11. Be2 {[%emt 0:00:03]} dxc4 {[%emt 0:00:01]} 12. Qxc4 {[%emt 0:00:01]} Qxc4 {[%emt 0:00:01]} 13. Bxc4 {[%emt 0:00:00]} Nc6 {[%emt 0:00:02]} 14. Nxd7 {[%emt 0:00:01]} Nxd7 {[%emt 0:00:01]} 15. O-O {[%emt 0:00:00]} Nb6 {[%emt 0:00:01]} 16. Be2 {[%emt 0:00:01]} Rfd8 {[%emt 0:00:00]} 17. Rfd1 {[%emt 0:00:01]} Nd5 {[%emt 0:00:00]} 18. Bf3 {[%emt 0:00:05]} Nxc3 {[%emt 0:00:01]} 19. Rdc1 {[%emt 0:00:02]} Nd5 {[%emt 0:00:02]} 20. Bg3 {[%emt 0:00:01]} Rac8 {[%emt 0:00:01]} 21. h4 {[%emt 0:00:01]} h6 {[%emt 0:00:01]} 22. a3 {[%emt 0:00:01]} Nce7 {[%emt 0:00:01]} 23. Rab1 {[%emt 0:00:01]} Rxc1+ {[%emt 0:00:01]} 24. Rxc1 {[%emt 0:00:00]} Rc8 {[%emt 0:00:01]} 25. Rb1 {[%emt 0:00:01]} b6 {[%emt 0:00:01]} 26. e4 {[%emt 0:00:02]} Rc2 {[%emt 0:00:01]} 27. exd5 {[%emt 0:00:01]} Nxd5 {[%emt 0:00:00]} 28. Rd1 {[%emt 0:00:01]} f5 {[%emt 0:00:02]} 29. Bxd5 {[%emt 0:00:01]} exd5 {[%emt 0:00:01]} 30. Rxd5 {[%emt 0:00:00]} Ra2 {[%emt 0:00:00]} 31. Rxf5 {[%emt 0:00:01]} Rxa3 {[%emt 0:00:00]} 32. Rd5 {[%emt 0:00:02]} a5 {[%emt 0:00:01]} 33. Bc7 {[%emt 0:00:03]} a4 {[%emt 0:00:00]} 34. Bxb6 {[%emt 0:00:01]} Ra1+ {[%emt 0:00:00]} 35. Kh2 {[%emt 0:00:01]} a3 {[%emt 0:00:00]} 36. Rd8+ {[%emt 0:00:01]} Kf7 {[%emt 0:00:02]} 37. Rd7+ {[%emt 0:00:00]} Ke6 {[%emt 0:00:02]} 38. Rxg7 {[%emt 0:00:01]} a2 {[%emt 0:00:00]} 39. Ra7 {[%emt 0:00:02]} Rb1 {[%emt 0:00:01]} 40. Rxa2 {[%emt 0:00:02]} Rxb6 {[%emt 0:00:01]} 41. g4 {[%emt 0:00:00]} Rc6 {[%emt 0:00:01]} 42. Kg3 {[%emt 0:00:01]} Ke5 {[%emt 0:00:00]} 43. f4+ {[%emt 0:00:01]} Ke4 {[%emt 0:00:01]} 44. Ra4+ {[%emt 0:00:01]} Kd3 {[%emt 0:00:01]} 45. g5 {[%emt 0:00:01]} Rc2 {[%emt 0:00:00]} 46. Kg4 {[%emt 0:00:02]} Rc7 {[%emt 0:00:00]} 47. Kh5 {[%emt 0:00:01]} Rh7 {[%emt 0:00:00]} 48. g6 {[%emt 0:00:01]} Rh8 {[%emt 0:00:01]} 49. f5 {[%emt 0:00:01]} Rg8 {[%emt 0:00:00]} 50. f6 {[%emt 0:00:01]} Kc3 {[%emt 0:00:03]} 51. f7 {[%emt 0:00:00]} Kb3 {[%emt 0:00:00]} 52. fxg8=Q+ {[%emt 0:00:01]} Kxa4 {[%emt 0:00:00]} 53. Kxh6 {[%emt 0:00:00]} Ka3 {[%emt 0:00:00]} 54. Qc8 {[%emt 0:00:00]} Ka2 {[%emt 0:00:00]} 55. Qb7 {[%emt 0:00:00]} Ka1 {[%emt 0:00:00]} 56. g7 {[%emt 0:00:00]} Ka2 {[%emt 0:00:00]} 57. g8=Q+ {[%emt 0:00:00]} Ka1 {[%emt 0:00:00]} 58. Qga8# {[%emt 0:00:00] (Lag: Av=0.43s, max=0.8s)} 1-0

[Event "Stay Safe Play From Home 274"]
[Site "Emanuel Lasker Arena"]
[Date "2020.07.03"]
[Round "4"]
[White "Lamborghini"]
[Black "The Next Contender"]
[Result "1-0"]
[WhiteElo "2277"]
[BlackElo "2013"]
[PlyCount "73"]
[EventDate "2020.07.03"]
[EventType "swiss (blitz)"]

1. e4 {[%emt 0:00:02]} d5 {[%emt 0:00:00]} 2. exd5 {[%emt 0:00:01]} Qxd5 {[%emt 0:00:00]} 3. Nc3 {[%emt 0:00:01]} Qa5 {[%emt 0:00:00]} 4. d4 {[%emt 0:00:01]} c6 {[%emt 0:00:01]} 5. Bc4 {[%emt 0:00:01]} Bf5 {[%emt 0:00:00]} 6. Qe2 {[%emt 0:00:01]} e6 {[%emt 0:00:01]} 7. g4 {[%emt 0:00:01]} Bg6 {[%emt 0:00:02]} 8. f4 {[%emt 0:00:01]} Be7 {[%emt 0:00:03]} 9. Nf3 {[%emt 0:00:01]} Nf6 {[%emt 0:00:02]} 10. h3 {[%emt 0:00:01]} Nd5 {[%emt 0:00:01]} 11. Bd2 {[%emt 0:00:01]} Qc7 {[%emt 0:00:03]} 12. f5 {[%emt 0:00:03]} exf5 {[%emt 0:00:01]} 13. Bxd5 {[%emt 0:00:01]} cxd5 {[%emt 0:00:02]} 14. Nxd5 {[%emt 0:00:01]} Qd7 {[%emt 0:00:01]} 15. c4 {[%emt 0:00:02]} Nc6 {[%emt 0:00:02]} 16. O-O-O {[%emt 0:00:01]} O-O-O {[%emt 0:00:03]} 17. Bf4 {[%emt 0:00:02]} fxg4 {[%emt 0:00:03]} 18. hxg4 {[%emt 0:00:01]} Rde8 {[%emt 0:00:01]} 19. Ne5 {[%emt 0:00:01]} Nxe5 {[%emt 0:00:02]} 20. dxe5 {[%emt 0:00:01]} Qc6 {[%emt 0:00:03]} 21. b3 {[%emt 0:00:03]} Ba3+ {[%emt 0:00:01]} 22. Kd2 {[%emt 0:00:01]} Rd8 {[%emt 0:00:01]} 23. Kc3 {[%emt 0:00:02]} a5 {[%emt 0:00:02]} 24. Qe3 {[%emt 0:00:01]} Bb4+ {[%emt 0:00:02]} 25. Kb2 {[%emt 0:00:01]} Rhe8 {[%emt 0:00:05]} 26. a3 {[%emt 0:00:02]} Bc5 {[%emt 0:00:02]} 27. Qc3 {[%emt 0:00:01]} b6 {[%emt 0:00:02]} 28. Rhe1 {[%emt 0:00:01]} Kb7 {[%emt 0:00:00]} 29. b4 {[%emt 0:00:01]} axb4 {[%emt 0:00:01]} 30. axb4 {[%emt 0:00:00]} Ra8 {[%emt 0:00:02]} 31. bxc5 {[%emt 0:00:01]} bxc5 {[%emt 0:00:01]} 32. Qb3+ {[%emt 0:00:01]} Kc8 {[%emt 0:00:01]} 33. Nb6+ {[%emt 0:00:01]} Kc7 {[%emt 0:00:03]} 34. e6+ {[%emt 0:00:01]} Kb7 {[%emt 0:00:02]} 35. Rd7+ {[%emt 0:00:01]} Ka6 {[%emt 0:00:01]} 36. Nxa8 {[%emt 0:00:01]} Qxa8 {[%emt 0:00:01]} 37. Ra1# {[%emt 0:00:00] (Lag: Av=0.44s, max=0.7s)} 1-0

[Event "Stay Safe Play From Home 274"]
[Site "Emanuel Lasker Arena"]
[Date "2020.07.03"]
[Round "4"]
[White "SoulofWolf"]
[Black "Uber_WING"]
[Result "0-1"]
[WhiteElo "2225"]
[BlackElo "2406"]
[PlyCount "104"]
[EventDate "2020.07.03"]
[EventType "swiss (blitz)"]

1. d4 {[%emt 0:00:00]} e5 {[%emt 0:00:01]} 2. Nf3 {[%emt 0:00:00]} e4 {[%emt 0:00:01]} 3. Nfd2 {[%emt 0:00:00]} f5 {[%emt 0:00:00]} 4. e3 {[%emt 0:00:00]} Nf6 {[%emt 0:00:01]} 5. c4 {[%emt 0:00:01]} c6 {[%emt 0:00:01]} 6. Nc3 {[%emt 0:00:00]} d5 {[%emt 0:00:00]} 7. Be2 {[%emt 0:00:00]} Be6 {[%emt 0:00:01]} 8. a3 {[%emt 0:00:00]} Bd6 {[%emt 0:00:01]} 9. b4 {[%emt 0:00:01]} h5 {[%emt 0:00:00]} 10. c5 {[%emt 0:00:00]} Bc7 {[%emt 0:00:00]} 11. h3 {[%emt 0:00:00]} h4 {[%emt 0:00:00]} 12. Bb2 {[%emt 0:00:00]} g6 {[%emt 0:00:00]} 13. Qb3 {[%emt 0:00:01]} Nh5 {[%emt 0:00:01]} 14. O-O-O {[%emt 0:00:01]} Nd7 {[%emt 0:00:00]} 15. Bxh5 {[%emt 0:00:02]} Rxh5 {[%emt 0:00:01]} 16. f3 {[%emt 0:00:01]} Bg3 {[%emt 0:00:02]} 17. Kb1 {[%emt 0:00:01]} Qe7 {[%emt 0:00:01]} 18. Qc2 {[%emt 0:00:02]} O-O-O {[%emt 0:00:01]} 19. b5 {[%emt 0:00:01]} Nb8 {[%emt 0:00:00]} 20. a4 {[%emt 0:00:01]} Rf8 {[%emt 0:00:02]} 21. Ba3 {[%emt 0:00:00]} g5 {[%emt 0:00:01]} 22. Ka1 {[%emt 0:00:08]} Rh7 {[%emt 0:00:01]} 23. Rc1 {[%emt 0:00:01]} Bd7 {[%emt 0:00:03]} 24. Rb1 {[%emt 0:00:01]} Rhf7 {[%emt 0:00:01]} 25. Rhf1 {[%emt 0:00:04]} exf3 {[%emt 0:00:02]} 26. Nxf3 {[%emt 0:00:01]} g4 {[%emt 0:00:04]} 27. hxg4 {[%emt 0:00:01]} fxg4 {[%emt 0:00:00]} 28. Nd2 {[%emt 0:00:04]} Qxe3 {[%emt 0:00:01]} 29. Rxf7 {[%emt 0:00:01]} Rxf7 {[%emt 0:00:01]} 30. Nd1 {[%emt 0:00:02]} Qxd4+ {[%emt 0:00:01]} 31. Bb2 {[%emt 0:00:01]} Qb4 {[%emt 0:00:05]} 32. bxc6 {[%emt 0:00:07]} Bxc6 {[%emt 0:00:01]} 33. Ka2 {[%emt 0:00:01]} Qxa4+ {[%emt 0:00:01]} 34. Qxa4 {[%emt 0:00:01]} Bxa4 {[%emt 0:00:00]} 35. Nc3 {[%emt 0:00:01]} Bc6 {[%emt 0:00:00]} 36. Nb3 {[%emt 0:00:01]} Nd7 {[%emt 0:00:01]} 37. Nd4 {[%emt 0:00:00]} Be5 {[%emt 0:00:01]} 38. Nde2 {[%emt 0:00:03]} Nxc5 {[%emt 0:00:01]} 39. Nd1 {[%emt 0:00:02]} Nd3 {[%emt 0:00:00]} 40. Bxe5 {[%emt 0:00:01]} Nxe5 {[%emt 0:00:00]} 41. Rc1 {[%emt 0:00:01]} Nc4 {[%emt 0:00:00]} 42. Nd4 {[%emt 0:00:00]} Re7 {[%emt 0:00:01]} 43. Nc3 {[%emt 0:00:00]} Re3 {[%emt 0:00:01]} 44. Kb3 {[%emt 0:00:00]} Rd3 {[%emt 0:00:01]} 45. Kb4 {[%emt 0:00:00]} Rxd4 {[%emt 0:00:01]} 46. Kc5 {[%emt 0:00:01]} Rd3 {[%emt 0:00:01]} 47. Rf1 {[%emt 0:00:01]} Ne5 {[%emt 0:00:01]} 48. Rf8+ {[%emt 0:00:00]} Kd7 {[%emt 0:00:00]} 49. Rh8 {[%emt 0:00:01]} Ke7 {[%emt 0:00:01]} 50. Rh7+ {[%emt 0:00:00]} Nf7 {[%emt 0:00:01]} 51. Nxd5+ {[%emt 0:00:02]} Rxd5+ {[%emt 0:00:01]} 52. Kc4 {[%emt 0:00:00]} Rg5 {[%emt 0:00:00] Czas partii (Lag: Av=0.32s, max=0.8s) .} 0-1